000 00761nam a22002417a 4500
003 UA-OsUOA
001 73538
007 ta
008 20110304b un ||||| |||| 00| 0 ukr d
100 _aМейендорф Протоиерей Иоанн
090 _a281.9
_bМ45
942 _cBK
040 _aUA-OsUOA
_brus
_cUA-OsUOA
_dUA-OsUOA
245 _aВизантийское Богословие
_bИсторические тенденции и доктринальные темы
300 _a336 с.
955 _a2
041 _arus
080 _a281.9
020 _a978-985-6171-85-0
260 _aМинск
_bЛучи Софии
_c2001
650 7 _a281.9 Східна православна церква і скопці
_2UDC
999 _c359824
_d359824